000 00506nam a22001697a 4500
005 20251108170041.0
008 250721s1997 xx 000 0 ara d
082 1 4 _aق/حلت
100 1 _aأبو حلتم، منذر
245 1 0 _aللبحر وجه آخر :
_bقصص قصيرة /
264 1 _aعمان :
_bدار أسامه للنشر و التوزيع،
_c1997.
300 _a73ص.
650 1 7 _aالأدب العربي
650 1 7 _aالقصص العربيه
942 _2ddc
_cBK
999 _c38421
_d38421